Statistics for Jeopardy #8662

Click here to take the quiz!

General Stats

  • This quiz has been taken 27 times
  • The average score is 17 of 61

Answer Stats

CategoryCashClueAnswer% Correct
CLEVER CROSSWORD CLUES$200Second hand item like a Bulova or Rolex (5 letters)a watch
94%
CLEVER CROSSWORD CLUES$800You'll need an ID to get your mail in this Rocky Mountain state (5 letters)Idaho
83%
CLEVER CROSSWORD CLUES$400A magical spirit of Arabic lore who might need a good bottle opener (5 letters)a genie
72%
WELL IT'S 5 FOR THE MONEY$200This British monetary term dates back to around 775, when 240 coins were minted from this much weight in silverthe pound
72%
MAMMALS$400This largest mammal tips the scales at 150 tonsa blue whale
61%
ISLES OF THE BRITISH ISLES$800Lundy, an island in the Bristol Channel between England & this U.K. country, is a breeding ground for seabirds like puffins & razorbillsWales
56%
3 LETTERS, E IN THE MIDDLE$800A floral necklacea lei
50%
THE MORAL OF THE FABLE$600A cockfight victor crows to show he's won, attracting a hungry eagle; as the saying has it, this quality goes before a fallpride
50%
ISLES OF THE BRITISH ISLES$400Mainland is the name of the largest of these islands 130 miles off the coast of Scotland & famous for their wee equinesShetland
50%
COMMUNICATIONS$400The 1906 International Radiotelegraph Conference replaced the signal CQD, for "all stations, distress", with thisSOS
50%
WELL IT'S 5 FOR THE MONEY$600In 1897 Russia went to a gold standard in switching this monetary unit from silver to goldthe ruble
50%
CLEVER CROSSWORD CLUES$1000The first lady's residence; some believe it was just east of Israel (4 letters)Eden
44%
SUN UP$200Songs he recorded for Sun Records in the mid-'50s included "Milkcow Blues Boogie" & "Mystery Train"Elvis Presley
44%
ISLES OF THE BRITISH ISLES$1600This isle in the Irish Sea is not part of the U.K. but has been a personal possession of the British monarch since 1828the Isle of Man
44%
3 FOR THE SHOW$200Kevin Costner, Kelly Reilly & Mo brings plenty landed in MontanaYellowstone
44%
CLEVER CROSSWORD CLUES$600It follows a midday grace period (5 letters)lunch
39%
WELL IT'S 5 FOR THE MONEY$1000Oklahoma's Wilma Mankiller, the 1st female principal chief of this Native American nation, appeared on a U.S. quarter in 2022the Cherokee
39%
MAMMALS$1200The state marine mammal of Florida is a subspecies of the West Indian thisa manatee
33%
SONGS OF INNOCENCE & EXPERIENCE$1600In a 1983 song & album, this piano man was "An Innocent Man"Billy Joel
33%
SONGS OF INNOCENCE & EXPERIENCE$400"Hey Joe" & "The Wind Cries Mary" are on this guitarist's 1967 debut album "Are You Experienced"Jimi Hendrix
33%
ISLES OF THE BRITISH ISLES$1200In 1897 this guy experimented & sent a radio transmission from the Isle of Wight off the south coast of EnglandMarconi
33%
SUN UP$1000Retirees enjoying rather than withering? A new concept until Sun City opened near this state capital in 1960Phoenix
33%
1972N/AIn June he said, "Don't lie to them to the extent to say there is no involvement, but just say this is... a comedy of errors"Richard Nixon
33%
3 LETTERS, E IN THE MIDDLE$400To request alms of a strangerbeg
28%
ISLES OF THE BRITISH ISLES$2000Tresco & Bryher are 2 of the Scilly Isles about 30 miles off this county at the southwestern tip of BritainCornwall
28%
THE EARLY 1800s$400In 1807 Congress passed a law to "prohibit the importation of" these, but it wasn't 100% effectiveslaves
28%
SUN UP$800One of the 7 Ancient Wonders of the World, it was a giant statue of the Greek sun god Heliosthe Colossus of Rhodes
28%
THE MORAL OF THE FABLE$800This one of Aesop's fables, about a disguised member of a flock, teaches the moral that doing mean tricks can backfire on youthe wolf in sheep\'s clothing
28%
MAMMALS$800Looking "like a small watermelon on little, tiny legs", a baby pygmy one of these made its debut at a Sydney Zoo in 2021a hippopotamus
22%
THE EARLY 1800s$200The earliest predecessor of this transport was patented in 1818 & derisively called a "dandy horse"bicycle
22%
SONGS OF INNOCENCE & EXPERIENCE$1200Perhaps her "Summertime Sadness" was caused by the "Innocence Lost" she sang of on her 2012 "Paradise" EPLana Del Rey
22%
THE EARLY 1800s$600Marking a humane first, the RSPCA, the Royal this, was founded in London in 1824Society for the Prevention of Cruelty to Animals
22%
WELL IT'S 5 FOR THE MONEY$800Long after telling "The Tale of Genji" in one of the world's oldest novels, Murasaki Shikibu graced the 2,000-this noteyen
22%
COMMUNICATIONS$800"Telstar", a 1962 instrumental hit, was named for a pioneering communications one of thesea satellite
17%
THE MORAL OF THE FABLE$200This avian proverb is the moral of the fable of a lone stork among cranesbirds of a feather flock together
17%
COMMUNICATIONS$1200The oldest known recipes, including one for pigeon stew, are found on Babylonian clay tablets in this writing systemcuneiform
17%
SONGS OF INNOCENCE & EXPERIENCE$800Andrew Bird called a song "Near" this "Experience Experience"Death
17%
THE MORAL OF THE FABLE$1000A fox stuck in a well tricks a goat into joining him; the goat learned this lesson meaning "take care before you act"look before you leap
17%
MAMMALS$1600Here are these burrowing mammals of Africa on high alert, watching for predatorsmeerkats
17%
3 FOR THE SHOW$1000John Cena (not exactly living up to the title), Danielle Brooks & Jennifer HollandPeacemaker
17%
PARTNERS IN RHYME$400Countee Cullen & Claude McKay were influential poets in this "Renaissance"(the) Harlem (Renaissance)
17%
PARTNERS IN RHYME$1600Ezra Pound helped publish this T.S. Eliot poem that rhymes, "In the room the women come and go talking of Michelangelo""The Love Song of J. Alfred Prufrock"
17%
3 LETTERS, E IN THE MIDDLE$1200It means cool; a 1990s & 2000s hip-hop music label was "So So" thisDef
11%
THE EARLY 1800s$1000The French style in fashion, architecture & even desks was this, named for the type of vast political unit Napoleon builtEmpire
11%
3 LETTERS, E IN THE MIDDLE$1600To cut something down with a broadsword, or build something up with tough efforthew
11%
SONGS OF INNOCENCE & EXPERIENCE$2000"I hold just one breath here within my chest / Just like innocence", these grunge rockers sang on their 1996 No. 1 album "No Code"Pearl Jam
11%
WELL IT'S 5 FOR THE MONEY$400Ben Franklin was in profile, not facing forward, on the 1st Federal Reserve note for this amount of money when it was issued in 1914the $100 bill
11%
SUN UP$600This newspaper was founded in 1837 & once employed TV show creator David Simonthe Baltimore Sun
11%
3 FOR THE SHOW$800Kyle Richards, Lisa Rinna & Garcelle Beauvais get "Real"The Real Housewives of Beverly Hills
11%
3 LETTERS, E IN THE MIDDLE$2000It's used in photography & filmmaking to adjust colora gel
6%
MAMMALS$2000Sadly, one of these colorful carnivores that famously made its way into Calif. from Oregon died in 2021 after it was struck by a vehiclea grey wolf
6%
PARTNERS IN RHYME$800Seen here is this 2021 inaugural poet partnering with the Boston Pops(Amanda) Gorman
6%
3 FOR THE SHOW$600Ming-na Wen, Jennifer Beals & Temuera Morrison, who opens "The Book of" this mysterious title sci-fi guyBoba Fett
6%
THE MORAL OF THE FABLE$400"Don't" do this was learned when an accident ruined a girl's plans for a poultry empirecount your chickens before they\'re hatched
6%
THE EARLY 1800s$800In 1810 this king got control of Kauai & Niihau, bringing all Hawaii under his ruleKamehameha (the Great)
6%
COMMUNICATIONS$2000Towers & hilltop stations with pivoting arms were used to send messages in this system, from Greek for "sign bearing"semaphore
6%
COMMUNICATIONS$1600Still important in the developing world, this long-distance radio format uses frequencies between AM & FMshort wave
6%
SUN UP$400Also called surya namaskar, this sequence of poses is a way to greet the day or warm up before your daily practicesun salutations
6%
3 FOR THE SHOW$400CBS cops (or C.O.P.S.?) Lina Esco, David Lim & Alex RussellS.W.A.T.
6%
PARTNERS IN RHYME$2000In 1997, this British poet laureate collaborated with Nobel laureate Seamus Heaney on editing a poetry anthologyTed Hughes
6%
PARTNERS IN RHYME$1200Aiding Coleridge in creating this poem, Wordsworth wrote he "suggested the navigation of the ship by the dead men"The Rime of the Ancient Mariner
6%

Score Distribution

Percentile by Number Answered

Percent of People with Each Score

Your Score History

You have not taken this quiz